00808nam a2200193 a 450000100100000000500170001000800410002702000150006804000250008308200080010810000370011624501200015326001080027330000210038149000400040283000470044295201080048999900170059700003986820201002033800.0130725s2005 sp 000 0 spa d a8400083113 aDO-SdBNPbspacBNPHU axxx1 aDurán López, Fernando96607410aVidas de sabios :bEl nacimiento de la autobiografía moderna en España (1733-1848) /cFernando Durán López. aMadrid :bConsejo Superior de Investigaciones Científicas,bInstituto de la Lengua Española,c2005. a513 p. ;c24 cm.1 aAnejos de revista de literaturav65 0aAnejos de revista de literaturav65915426 001050718MOaGRbGRcCTd2013-07-25iLF1l0oxxx p39868-10r2020-06-25w2020-06-25y1ZNo se presta c39358d39358